Nebankové finančné subjekty a legislatíva SR

Legislatíva, ktorá upravuje pôsobenie nebankových finančných subjektov na Slovensku. Úlohu dohľadu nad činnosťou týchto subjektov má Úrad pre finančný trh. Vývoj výšky základného imania nebankového finančného subjektu - príklad.

Gespeichert in:
Bibliographische Detailangaben
1. Verfasser: Škultéty, Jozef
Format: Buchkapitel
Sprache:Slowakisch
Schlagworte:
Tags: Tag hinzufügen
Keine Tags, Fügen Sie das erste Tag hinzu!

MARC

LEADER 00000naa a2200000 4500
001 r045702
005 20230925125833.4
041 0 |a slo 
044 |a SK 
245 1 0 |a Nebankové finančné subjekty a legislatíva SR  |c Jozef Škultéty 
520 |a Legislatíva, ktorá upravuje pôsobenie nebankových finančných subjektov na Slovensku. Úlohu dohľadu nad činnosťou týchto subjektov má Úrad pre finančný trh. Vývoj výšky základného imania nebankového finančného subjektu - príklad. 
610 2 0 |a subjekty nebankové 
610 2 0 |a trh finančný 
610 2 0 |a imanie základné 
610 2 0 |a legislatíva 
610 2 0 |a úpravy právne 
610 2 0 |a Slovensko 
100 1 |a Škultéty, Jozef